500 zagadek cybernetycznych /
Uložené v:
| Hlavní autori: | , |
|---|---|
| Médium: | Kniha |
| Jazyk: | Polish |
| Vydané: |
Warszawa :
Wiedza Powszechna,
1978.
|
| Fyzický popis: |
193, [3] s. : obr., tab. ; 19 cm. |
| Tagy: |
Pridať tag
Žiadne tagy, Buďte prvý kto otaguje tento záznam!
|
Titul je dostupný aj v ... 

MARC
| LEADER | 00000nam a22000004a 4500 | ||
|---|---|---|---|
| 001 | 000588317 | ||
| 005 | 20180716182324.0 | ||
| 008 | 180716s1978 pl e 000 0 pol d | ||
| 040 | |a SVKKK |b slo |c SVKKK |e AACR2 | ||
| 100 | 1 | |a Dudek | |
| 245 | 1 | 0 | |a 500 zagadek cybernetycznych / |c Marek Duda, Stefan Forlicz. |
| 246 | 3 | |a Pięćset zagadek cybernetycznych | |
| 260 | |a Warszawa : |b Wiedza Powszechna, |c 1978. | ||
| 300 | |a 193, [3] s. : |b obr., tab. ; |c 19 cm. | ||
| 504 | |a Bibliografia | ||
| 700 | 1 | |a Forlicz, Stefan, |d 1950- |4 aut | |
| 910 | |a svkkk | ||
| 998 | |a BK | ||
| 090 | |g SCKHL |k Sklad Hlavná 10 suterén |a I.49081 |j 588208 |i 2720683355 |s Absenčne | ||